[Event "Wch-Blitz"]
[Site "Berlin GER"]
[Date "2015.10.13"]
[Round "10"]
[White "Kulon, Klaudia"]
[Black "Hansen, Eric"]
[Result "0-1"]
[WhiteElo "2324"]
[BlackElo "2573"]
[PlyCount "138"]
[GameId "2130307652073386"]
[EventDate "2015.10.13"]
[EventType "swiss (blitz)"]
[EventRounds "21"]
[EventCountry "GER"]
[SourceTitle "Mega2015 Update 47"]
[Source "Chessbase"]
[SourceDate "2015.10.16"]
[SourceVersion "1"]
[SourceVersionDate "2015.10.16"]
[SourceQuality "1"]

1. e4 c5 2. Nf3 e6 3. d4 cxd4 4. Nxd4 a6 5. Bd3 Bc5 6. Nb3 Be7 7. O-O d6 8. Qe2 Nc6 9. f4 Qc7 10. Be3 Nf6 11. N1d2 Nb4 12. a3 Nxd3 13. cxd3 b5 14. Rac1 Qd8 15. Nd4 Bb7 16. Nc6 Bxc6 17. Rxc6 O-O 18. Rfc1 Re8 19. Nb3 Bf8 20. Bb6 Qb8 21. Bc7 Qa7+ 22. Bb6 Qb8 23. Qf2 Ng4 24. Qf3 Nf6 25. h3 Nd7 26. Be3 b4 27. a4 a5 28. Rc7 Nc5 29. Nxc5 dxc5 30. Rc6 Qb7 31. e5 Rad8 32. Bxc5 Rxd3 33. Qxd3 Qxc6 34. Qb5 Qa8 35. Bxf8 Rxf8 36. Rc7 h5 37. b3 Qe4 38. Qc4 Qe3+ 39. Kh2 h4 40. Rc5 Rd8 41. Rc8 Rxc8 42. Qxc8+ Kh7 43. Qc4 g6 44. Kh1 Kg7 45. Kh2 g5 46. fxg5 Qxe5+ 47. Kg1 Qxg5 48. Qd4+ Kg6 49. Qe4+ Kh6 50. Qc4 Kg7 51. Qd4+ Kg6 52. Qc4 e5 53. Qa6+ f6 54. Qxa5 Qe3+ 55. Kh2 Qg3+ 56. Kh1 Qxb3 57. Qb5 Qd1+ 58. Kh2 b3 59. a5 Qc2 60. Qe8+ Kg5 61. Qg8+ Kf4 62. Qg4+ Ke3 63. Qf3+ Kd4 64. Qg4+ Kc5 65. a6 Kb6 66. Qe6+ Ka7 67. Qxf6 b2 68. Qe7+ Kxa6 69. Qa3+ Kb5 0-1

[Event "Wch-Blitz"]
[Site "Berlin GER"]
[Date "2015.10.13"]
[Round "11"]
[White "Hansen, Eric"]
[Black "Antipov, Mikhail Al"]
[Result "0-1"]
[WhiteElo "2573"]
[BlackElo "2569"]
[PlyCount "39"]
[GameId "2130307652077557"]
[EventDate "2015.10.13"]
[EventType "swiss (blitz)"]
[EventRounds "21"]
[EventCountry "GER"]
[SourceTitle "Mega2015 Update 47"]
[Source "Chessbase"]
[SourceDate "2015.10.16"]
[SourceVersion "1"]
[SourceVersionDate "2015.10.16"]
[SourceQuality "1"]

1. Nf3 b6 2. e4 Bb7 3. Nc3 e6 4. d4 Bb4 5. Bd3 Ne7 6. O-O O-O 7. Ne2 f5 8. Ng3 fxe4 9. Nxe4 Nf5 10. c3 Bd6 11. Nxd6 cxd6 12. Re1 Na6 13. d5 Nc5 14. c4 Qf6 15. Bc2 b5 16. Bg5 Qg6 17. b3 bxc4 18. bxc4 Rae8 19. Bf4 Qg4 20. Bxf5 0-1

[Event "Wch-Blitz"]
[Site "Berlin GER"]
[Date "2015.10.14"]
[Round "12"]
[White "Rabiega, Robert"]
[Black "Hansen, Eric"]
[Result "0-1"]
[WhiteElo "2503"]
[BlackElo "2573"]
[PlyCount "62"]
[GameId "2130307652085859"]
[EventDate "2015.10.13"]
[EventType "swiss (blitz)"]
[EventRounds "21"]
[EventCountry "GER"]
[SourceTitle "Mega2015 Update 47"]
[Source "Chessbase"]
[SourceDate "2015.10.16"]
[SourceVersion "1"]
[SourceVersionDate "2015.10.16"]
[SourceQuality "1"]

1. e4 e6 2. d4 d5 3. Nc3 Bb4 4. exd5 exd5 5. Bd3 Nc6 6. a3 Bxc3+ 7. bxc3 Nge7 8. Qf3 Be6 9. Ne2 Qd7 10. O-O Bf5 11. Ng3 Bxd3 12. cxd3 O-O 13. h4 Rfe8 14. Be3 Nd8 15. Rfe1 Ne6 16. Nh5 Ng6 17. Qg3 Qd6 18. Qg4 Qd7 19. Re2 Nc5 20. Qg3 Nxd3 21. Rd2 Qf5 22. Nxg7 Kxg7 23. Rxd3 Re4 24. Bg5 Rae8 25. Rf3 Qg4 26. Qxc7 Qe6 27. h5 Nh4 28. Rf6 Qg4 29. Qxf7+ Kh8 30. Qf8+ Rxf8 31. Rxf8+ Kg7 0-1

[Event "Wch-Blitz"]
[Site "Berlin GER"]
[Date "2015.10.14"]
[Round "13"]
[White "Hansen, Eric"]
[Black "Dlugy, Maxim"]
[Result "1/2-1/2"]
[WhiteElo "2573"]
[BlackElo "2518"]
[PlyCount "124"]
[GameId "2130307652090011"]
[EventDate "2015.10.13"]
[EventType "swiss (blitz)"]
[EventRounds "21"]
[EventCountry "GER"]
[SourceTitle "Mega2015 Update 47"]
[Source "Chessbase"]
[SourceDate "2015.10.16"]
[SourceVersion "1"]
[SourceVersionDate "2015.10.16"]
[SourceQuality "1"]

1. Nf3 Nf6 2. g3 g6 3. Bg2 Bg7 4. O-O O-O 5. d4 d6 6. a4 c5 7. a5 cxd4 8. Nxd4 a6 9. Nc3 Qc7 10. Bg5 e6 11. Qd2 Nc6 12. Nxc6 bxc6 13. Bh6 Rb8 14. b3 d5 15. Bxg7 Kxg7 16. Na4 c5 17. Qc3 Rb5 18. Nb6 Bb7 19. e4 d4 20. Qe1 e5 21. f3 Bc8 22. Rf2 Rb4 23. Bf1 Bb7 24. Bc4 Nd7 25. Nd5 Bxd5 26. Bxd5 Nf6 27. Bc4 Qc6 28. Qe2 Ra8 29. Re1 Rb7 30. f4 Re7 31. fxe5 Rxe5 32. Ref1 Nxe4 33. Rxf7+ Kh8 34. Qf3 Qe8 35. Qf4 Rf5 36. Rxf5 gxf5 37. Qxf5 Qe7 38. Bd5 Nd6 39. Qf6+ Qxf6 40. Rxf6 Rd8 41. g4 Kg7 42. g5 Ne8 43. Rf7+ Kg6 44. Bc4 Nd6 45. Ra7 Nxc4 46. bxc4 Rd6 47. h4 h6 48. gxh6 Kxh6 49. Rc7 Kh5 50. Rxc5+ Kxh4 51. Kf2 d3 52. cxd3 Rxd3 53. Rc6 Rc3 54. Ke2 Kg4 55. Kd2 Ra3 56. Rxa6 Kf4 57. Re6 Kf5 58. Re1 Rxa5 59. Kd3 Re5 60. Rxe5+ Kxe5 61. Kc3 Kd6 62. Kb4 Kc6 1/2-1/2

[Event "Wch-Blitz"]
[Site "Berlin GER"]
[Date "2015.10.14"]
[Round "14"]
[White "Van Wely, Loek"]
[Black "Hansen, Eric"]
[Result "0-1"]
[WhiteElo "2632"]
[BlackElo "2573"]
[PlyCount "84"]
[GameId "2130307652098337"]
[EventDate "2015.10.13"]
[EventType "swiss (blitz)"]
[EventRounds "21"]
[EventCountry "GER"]
[SourceTitle "Mega2015 Update 47"]
[Source "Chessbase"]
[SourceDate "2015.10.16"]
[SourceVersion "1"]
[SourceVersionDate "2015.10.16"]
[SourceQuality "1"]

1. d4 Nf6 2. c4 e6 3. Nf3 b6 4. a3 Bb7 5. Nc3 d5 6. Bg5 Be7 7. Qa4+ Qd7 8. Qc2 O-O 9. e3 Rc8 10. Rd1 dxc4 11. Bxc4 Qe8 12. Bd3 h6 13. Bxf6 Bxf6 14. Be4 Bxe4 15. Nxe4 Be7 16. O-O c5 17. d5 exd5 18. Rxd5 Nc6 19. Rfd1 Rd8 20. Qc4 Rxd5 21. Rxd5 Rd8 22. g4 Na5 23. Qd3 Rxd5 24. Qxd5 Qc6 25. Qe5 Qd7 26. Qb8+ Kh7 27. Ne5 Qd5 28. Nc3 Qe6 29. Nd3 Qxg4+ 30. Kf1 Bf6 31. Ne2 Nc4 32. Ndf4 Nd2+ 33. Ke1 Nf3+ 34. Kd1 Qd7+ 35. Kc2 Qd2+ 36. Kb3 Qxb2+ 37. Kc4 a6 38. Kd5 Ne5 39. Kd6 Qxa3 40. Nd5 c4+ 41. Kc7 Qc5+ 42. Kb7 Qxd5+ 0-1

[Event "Wch-Blitz"]
[Site "Berlin GER"]
[Date "2015.10.14"]
[Round "15"]
[White "Hansen, Eric"]
[Black "Bok, Benjamin"]
[Result "0-1"]
[WhiteElo "2573"]
[BlackElo "2591"]
[PlyCount "106"]
[GameId "2130307652098370"]
[EventDate "2015.10.13"]
[EventType "swiss (blitz)"]
[EventRounds "21"]
[EventCountry "GER"]
[SourceTitle "Mega2015 Update 47"]
[Source "Chessbase"]
[SourceDate "2015.10.16"]
[SourceVersion "1"]
[SourceVersionDate "2015.10.16"]
[SourceQuality "1"]

1. d4 d5 2. c4 e6 3. Nf3 Nf6 4. Nc3 c6 5. e3 Nbd7 6. Qc2 Bd6 7. Be2 O-O 8. O-O dxc4 9. Bxc4 b5 10. Be2 Qe7 11. Rd1 a6 12. e4 e5 13. Bg5 h6 14. Bh4 Bb7 15. dxe5 Nxe5 16. Nd4 Bc5 17. Nf5 Qe6 18. Nxb5 cxb5 19. Qxc5 Nxe4 20. Ne7+ Kh8 21. Qc7 Rab8 22. f3 Nf6 23. Rd6 Ne8 24. Rxe6 Nxc7 25. Rxe5 Rfe8 26. f4 Ne6 27. f5 Nf4 28. Bf1 Rbd8 29. Rae1 Kh7 30. Bg3 Nh5 31. Nc6 Bxc6 32. Bf2 Rxe5 33. Rxe5 Nf4 34. Rc5 Rd1 35. Re5 Bxg2 36. Re1 Rxe1 37. Bxe1 Bxf1 38. Kxf1 g6 39. Bd2 Nd5 40. Ke2 gxf5 41. Kd3 Kg6 42. Kd4 Nf6 43. Bf4 Ne4 44. Kd5 Kh5 45. Kc6 Kg4 46. Bxh6 f4 47. Kb6 f3 48. Be3 f5 49. Kxa6 f4 50. Bd4 f2 51. Bxf2 Nxf2 52. Kxb5 f3 53. a4 Ne4 0-1

[Event "Wch-Blitz"]
[Site "Berlin GER"]
[Date "2015.10.14"]
[Round "16"]
[White "Polzin, Rainer"]
[Black "Hansen, Eric"]
[Result "1/2-1/2"]
[WhiteElo "2416"]
[BlackElo "2573"]
[PlyCount "64"]
[GameId "2130307652102573"]
[EventDate "2015.10.13"]
[EventType "swiss (blitz)"]
[EventRounds "21"]
[EventCountry "GER"]
[SourceTitle "Mega2015 Update 47"]
[Source "Chessbase"]
[SourceDate "2015.10.16"]
[SourceVersion "1"]
[SourceVersionDate "2015.10.16"]
[SourceQuality "1"]

1. e4 c5 2. Nf3 e6 3. d4 cxd4 4. Nxd4 a6 5. Nc3 Qc7 6. Be2 Nf6 7. O-O Bb4 8. Bg5 Nc6 9. Nxc6 bxc6 10. Bd3 h6 11. Bh4 Bd6 12. Bxf6 gxf6 13. h3 h5 14. Ne2 Rb8 15. b3 a5 16. Kh1 c5 17. c4 Bb7 18. Nc3 Be7 19. Nb5 Qf4 20. Qe2 Bc6 21. g3 Qg5 22. h4 Qg4 23. Qxg4 hxg4 24. Kg1 f5 25. exf5 Bxh4 26. gxh4 Bf3 27. Be4 Rxh4 28. Bxf3 gxf3 29. f6 d5 30. cxd5 Rxb5 31. Rad1 Rbb4 32. Rc1 Rb5 1/2-1/2

[Event "Wch-Blitz"]
[Site "Berlin GER"]
[Date "2015.10.14"]
[Round "17"]
[White "Hansen, Eric"]
[Black "Hjartarson, Johann"]
[Result "1-0"]
[WhiteElo "2573"]
[BlackElo "2529"]
[PlyCount "55"]
[GameId "2130307652106723"]
[EventDate "2015.10.13"]
[EventType "swiss (blitz)"]
[EventRounds "21"]
[EventCountry "GER"]
[SourceTitle "Mega2015 Update 47"]
[Source "Chessbase"]
[SourceDate "2015.10.16"]
[SourceVersion "1"]
[SourceVersionDate "2015.10.16"]
[SourceQuality "1"]

1. Nf3 Nf6 2. g3 b6 3. Bg2 Bb7 4. O-O e6 5. c4 c5 6. Nc3 Be7 7. Re1 d5 8. cxd5 exd5 9. d4 O-O 10. Ne5 Na6 11. Bf4 Re8 12. Rc1 Bd6 13. Nd3 c4 14. Bxd6 Qxd6 15. Ne5 Rac8 16. Qa4 Qb8 17. Nb5 h6 18. b3 cxb3 19. axb3 Rxc1 20. Rxc1 Rc8 21. Ra1 Rc2 22. Bf3 Ne4 23. Qa3 Ng5 24. Qe7 Nc7 25. Nd6 f6 26. Nd7 Qa8 27. h4 Nxf3+ 28. exf3 1-0

[Event "Wch-Blitz"]
[Site "Berlin GER"]
[Date "2015.10.14"]
[Round "18"]
[White "Grandelius, Nils"]
[Black "Hansen, Eric"]
[Result "1-0"]
[WhiteElo "2647"]
[BlackElo "2573"]
[PlyCount "57"]
[GameId "2130307652115005"]
[EventDate "2015.10.13"]
[EventType "swiss (blitz)"]
[EventRounds "21"]
[EventCountry "GER"]
[SourceTitle "Mega2015 Update 47"]
[Source "Chessbase"]
[SourceDate "2015.10.16"]
[SourceVersion "1"]
[SourceVersionDate "2015.10.16"]
[SourceQuality "1"]

1. e4 e6 2. d4 d5 3. Nc3 Bb4 4. exd5 exd5 5. Bd3 Nc6 6. a3 Bxc3+ 7. bxc3 Nge7 8. Qh5 g6 9. Qh4 Bf5 10. Nf3 Qd7 11. O-O O-O-O 12. Bg5 h6 13. Bxe7 Nxe7 14. Ne5 Qe6 15. Rfe1 g5 16. Qh5 Rdf8 17. Re3 Bxd3 18. Nxd3 Qg6 19. Qg4+ f5 20. Qe2 Nc6 21. Re6 Qf7 22. Re1 f4 23. Nc5 Nd8 24. Re7 Qf5 25. Re5 Qf7 26. Qg4+ Kb8 27. Nd7+ Ka8 28. Nxf8 Qxf8 29. Qc8# 1-0

[Event "Wch-Blitz"]
[Site "Berlin GER"]
[Date "2015.10.14"]
[Round "19"]
[White "Hansen, Eric"]
[Black "Bacrot, Etienne"]
[Result "1/2-1/2"]
[WhiteElo "2573"]
[BlackElo "2697"]
[PlyCount "117"]
[GameId "2130307652119174"]
[EventDate "2015.10.13"]
[EventType "swiss (blitz)"]
[EventRounds "21"]
[EventCountry "GER"]
[SourceTitle "Mega2015 Update 47"]
[Source "Chessbase"]
[SourceDate "2015.10.16"]
[SourceVersion "1"]
[SourceVersionDate "2015.10.16"]
[SourceQuality "1"]

1. e4 c5 2. Nf3 e6 3. d4 cxd4 4. Nxd4 a6 5. Bd3 Bc5 6. Nb3 Be7 7. O-O d6 8. Qg4 Bf6 9. N1d2 Nc6 10. Qg3 Nge7 11. Nc4 O-O 12. Qxd6 b5 13. Qxd8 Rxd8 14. Nb6 Rb8 15. Nxc8 Rbxc8 16. f4 e5 17. f5 Nb4 18. Rd1 Nec6 19. a3 Nxd3 20. cxd3 a5 21. Be3 a4 22. Nc5 Be7 23. Rac1 Na5 24. Rc3 Nc4 25. Bf2 Rxc5 26. Rdc1 Rcc8 27. dxc4 Rxc4 28. Rxc4 bxc4 29. Kf1 Rc8 30. Be1 Bg5 31. Rd1 Kf8 32. Ke2 Ke8 33. Bc3 f6 34. g3 g6 35. Rd5 Rb8 36. Rc5 Bc1 37. Rxc4 Bxb2 38. Bb4 Rb7 39. g4 Kf7 40. Rc6 gxf5 41. gxf5 Kg7 42. Ra6 Rc7 43. Kd3 Rd7+ 44. Ke2 Rd4 45. Kf3 Rd3+ 46. Kg4 Bxa3 47. Ra7+ Kh6 48. Bxa3 Rxa3 49. Rf7 Re3 50. Rxf6+ Kg7 51. Ra6 Rxe4+ 52. Kg5 h6+ 53. Kh5 Re2 54. h4 Rf2 55. Rxa4 Rxf5+ 56. Kg4 Rf6 57. Ra7+ Rf7 58. Rxf7+ Kxf7 59. Kf5 1/2-1/2

[Event "Wch-Blitz"]
[Site "Berlin GER"]
[Date "2015.10.14"]
[Round "20"]
[White "Bartel, Mateusz"]
[Black "Hansen, Eric"]
[Result "0-1"]
[WhiteElo "2622"]
[BlackElo "2573"]
[PlyCount "100"]
[GameId "2130307652123335"]
[EventDate "2015.10.13"]
[EventType "swiss (blitz)"]
[EventRounds "21"]
[EventCountry "GER"]
[SourceTitle "Mega2015 Update 47"]
[Source "Chessbase"]
[SourceDate "2015.10.16"]
[SourceVersion "1"]
[SourceVersionDate "2015.10.16"]
[SourceQuality "1"]

1. g3 Nf6 2. Bg2 g6 3. e4 d6 4. d4 Bg7 5. Nc3 O-O 6. Nge2 e5 7. h3 Nc6 8. Be3 a6 9. O-O b5 10. d5 Ne7 11. a4 b4 12. Na2 a5 13. c3 bxc3 14. Nexc3 Ba6 15. Re1 Rb8 16. Rb1 c6 17. b4 cxd5 18. exd5 Nf5 19. b5 Nxe3 20. Rxe3 Bb7 21. Nc1 Rc8 22. Nb3 Qb6 23. Rc1 Bh6 24. Qd2 Rc7 25. Ne2 Rxc1+ 26. Nexc1 Rc8 27. Kh2 Bxe3 28. fxe3 Rc4 29. Nxa5 Rxa4 30. Nxb7 Qxb7 31. Qb2 Ra5 32. Qb4 Qb6 33. Ne2 Rxb5 34. Qh4 Rb2 35. Nc3 Qxe3 36. Nd1 Rxg2+ 37. Kxg2 Qe2+ 38. Nf2 Nxd5 39. g4 Kg7 40. Qg3 Nf4+ 41. Kg1 d5 42. h4 d4 43. h5 d3 44. Qh4 h6 45. g5 Qxh5 46. gxh6+ Qxh6 47. Qe7 Qh5 48. Ne4 Qg4+ 49. Kf2 Qe2+ 50. Kg3 Qxe4 0-1

[Event "Wch-Blitz"]
[Site "Berlin GER"]
[Date "2015.10.14"]
[Round "21"]
[White "Hansen, Eric"]
[Black "Rublevsky, Sergei"]
[Result "1/2-1/2"]
[WhiteElo "2573"]
[BlackElo "2702"]
[PlyCount "53"]
[GameId "2130307652131638"]
[EventDate "2015.10.13"]
[EventType "swiss (blitz)"]
[EventRounds "21"]
[EventCountry "GER"]
[SourceTitle "Mega2015 Update 47"]
[Source "Chessbase"]
[SourceDate "2015.10.16"]
[SourceVersion "1"]
[SourceVersionDate "2015.10.16"]
[SourceQuality "1"]

1. d4 d5 2. c4 c6 3. Nf3 Nf6 4. e3 Bf5 5. Nc3 e6 6. Nh4 Bg6 7. Nxg6 hxg6 8. Bd2 Nbd7 9. Qb3 Qc7 10. Rc1 Nb6 11. cxd5 exd5 12. h3 Be7 13. Bd3 g5 14. Ne2 Qd7 15. a4 Nc8 16. Ng3 Nd6 17. f3 Nh5 18. Nxh5 Rxh5 19. Ke2 g6 20. Qc2 f5 21. g4 Rh6 22. Bb4 Nc8 23. Bc3 Nd6 24. Bb4 Nc8 25. Bc3 Nd6 26. Bb4 Nc8 27. Bc3 1/2-1/2

[Event "Wch-Rapid"]
[Site "Berlin GER"]
[Date "2015.10.10"]
[Round "1"]
[White "Hansen, Eric"]
[Black "Zepeda, Lorena"]
[Result "1-0"]
[WhiteElo "2573"]
[BlackElo "2106"]
[PlyCount "55"]
[GameId "2130307652426782"]
[EventDate "2015.10.10"]
[EventType "swiss (rapid)"]
[EventRounds "15"]
[EventCountry "GER"]
[SourceTitle "Mega2015 Update 47"]
[Source "Chessbase"]
[SourceDate "2015.10.16"]
[SourceVersion "1"]
[SourceVersionDate "2015.10.16"]
[SourceQuality "1"]

1. e4 c5 2. Nf3 d6 3. Bb5+ Bd7 4. Bxd7+ Qxd7 5. c4 Nc6 6. d4 cxd4 7. Nxd4 Nf6 8. Nc3 g6 9. f3 Bg7 10. Nde2 O-O 11. O-O a6 12. a4 Qc7 13. Kh1 e6 14. Bg5 Nd7 15. Rb1 Nde5 16. b3 h6 17. Bh4 Nb4 18. Qd2 f6 19. f4 Nf7 20. f5 gxf5 21. exf5 e5 22. Ne4 a5 23. Nxf6+ Bxf6 24. Bxf6 Kh7 25. Ng3 Qc6 26. Nh5 d5 27. Be7 Rfe8 28. Nf6+ 1-0

[Event "Wch-Rapid"]
[Site "Berlin GER"]
[Date "2015.10.10"]
[Round "2"]
[White "Vallejo Pons, Francisco"]
[Black "Hansen, Eric"]
[Result "1/2-1/2"]
[WhiteElo "2684"]
[BlackElo "2573"]
[PlyCount "69"]
[GameId "2130307652430986"]
[EventDate "2015.10.10"]
[EventType "swiss (rapid)"]
[EventRounds "15"]
[EventCountry "GER"]
[SourceTitle "Mega2015 Update 47"]
[Source "Chessbase"]
[SourceDate "2015.10.16"]
[SourceVersion "1"]
[SourceVersionDate "2015.10.16"]
[SourceQuality "1"]

1. e4 e6 2. d4 d5 3. Nd2 c5 4. exd5 Qxd5 5. dxc5 Bxc5 6. Ngf3 Nf6 7. Bc4 Qc6 8. Qe2 O-O 9. Nb3 Bd6 10. Bg5 Nbd7 11. O-O-O h6 12. Nbd4 Qe4 13. Be3 Bf4 14. Bxf4 Qxf4+ 15. Kb1 Nc5 16. g3 Qc7 17. Nb5 Qb8 18. Nd6 a6 19. Qe5 Qc7 20. Nf5 Qxe5 21. Ne7+ Kh7 22. Nxe5 b5 23. Nxc8 Raxc8 24. Be2 Rc7 25. Rd4 Rfc8 26. Rhd1 g6 27. f4 Nd5 28. Bf3 Ne3 29. Re1 Nf5 30. Rd2 h5 31. a3 Kg7 32. Red1 Ne3 33. Re1 Nf5 34. Red1 Ne3 35. Re1 1/2-1/2

[Event "Wch-Rapid"]
[Site "Berlin GER"]
[Date "2015.10.10"]
[Round "3"]
[White "Hansen, Eric"]
[Black "Riazantsev, Alexander"]
[Result "0-1"]
[WhiteElo "2573"]
[BlackElo "2646"]
[PlyCount "92"]
[GameId "2130307652435119"]
[EventDate "2015.10.10"]
[EventType "swiss (rapid)"]
[EventRounds "15"]
[EventCountry "GER"]
[SourceTitle "Mega2015 Update 47"]
[Source "Chessbase"]
[SourceDate "2015.10.16"]
[SourceVersion "1"]
[SourceVersionDate "2015.10.16"]
[SourceQuality "1"]

1. e4 c6 2. d4 d5 3. e5 Bf5 4. Nf3 e6 5. Be2 Ne7 6. O-O Bg6 7. Nbd2 c5 8. dxc5 Nec6 9. Nb3 Nd7 10. Be3 Be7 11. Nfd4 Ncxe5 12. Rc1 O-O 13. c4 dxc4 14. Bxc4 Nxc4 15. Rxc4 Ne5 16. Rc3 Qd5 17. Nb5 Nc4 18. Qxd5 exd5 19. Bd4 Nxb2 20. Re3 Bf6 21. Bxf6 gxf6 22. Nd6 Nc4 23. Re7 b6 24. f4 bxc5 25. Nb7 Rfe8 26. Rxe8+ Rxe8 27. f5 Bh5 28. N7xc5 Re2 29. h3 Ne3 30. Rf2 Re1+ 31. Kh2 Nf1+ 32. Kg1 Ne3+ 33. Kh2 Bd1 34. Nd7 Nf1+ 35. Kg1 Ne3+ 36. Kh2 Nf1+ 37. Kg1 Ng3+ 38. Kh2 Ne4 39. Rb2 Bxb3 40. Rxb3 h5 41. Rd3 h4 42. Rd4 Kg7 43. Nb8 Rc1 44. Na6 Kh6 45. a4 Kg5 46. a5 Ng3 0-1

[Event "Wch-Rapid"]
[Site "Berlin GER"]
[Date "2015.10.10"]
[Round "5"]
[White "Hansen, Eric"]
[Black "Przybylski, Wojciech"]
[Result "1-0"]
[WhiteElo "2573"]
[BlackElo "2354"]
[PlyCount "113"]
[GameId "2130307652443447"]
[EventDate "2015.10.10"]
[EventType "swiss (rapid)"]
[EventRounds "15"]
[EventCountry "GER"]
[SourceTitle "Mega2015 Update 47"]
[Source "Chessbase"]
[SourceDate "2015.10.16"]
[SourceVersion "1"]
[SourceVersionDate "2015.10.16"]
[SourceQuality "1"]

1. e4 e5 2. Nf3 Nf6 3. Nxe5 d6 4. Nf3 Nxe4 5. Nc3 Nxc3 6. dxc3 Be7 7. Be3 Nc6 8. Qd2 Ne5 9. O-O-O O-O 10. Nxe5 dxe5 11. Bd3 Be6 12. Qe2 Qc8 13. Kb1 c6 14. Bc1 Qc7 15. Rhe1 Bf6 16. g4 g6 17. h4 b5 18. h5 Rfe8 19. Be4 Bg7 20. Qf3 Rac8 21. hxg6 fxg6 22. Rh1 Qf7 23. Qxf7+ Bxf7 24. Rd6 c5 25. Bc6 Re6 26. Rxe6 Bxe6 27. Bxb5 Bxg4 28. Bc4+ Kh8 29. Be3 Bf5 30. Bd5 h5 31. c4 Bf6 32. a3 Kg7 33. b4 Be7 34. b5 h4 35. a4 h3 36. a5 Bd8 37. Bd2 Bc7 38. Bc3 g5 39. Kb2 Kf6 40. Ra1 Be6 41. Bh1 Bxc4 42. b6 Rb8 43. Kc1 Bxb6 44. axb6 axb6 45. Ra7 Bf1 46. Kd2 Rd8+ 47. Ke3 Rd1 48. Be4 Bg2 49. Rh7 g4 50. Rh5 Kf7 51. Bf5 Bf3 52. Bxe5 Re1+ 53. Kf4 b5 54. Rh7+ Kg8 55. Bg6 Rxe5 56. Kxe5 c4 57. Kf6 1-0

[Event "Wch-Rapid"]
[Site "Berlin GER"]
[Date "2015.10.11"]
[Round "7"]
[White "Hansen, Eric"]
[Black "Schneider, Ilja"]
[Result "1-0"]
[WhiteElo "2573"]
[BlackElo "2481"]
[PlyCount "116"]
[GameId "2130307652447685"]
[EventDate "2015.10.10"]
[EventType "swiss (rapid)"]
[EventRounds "15"]
[EventCountry "GER"]
[SourceTitle "Mega2015 Update 47"]
[Source "Chessbase"]
[SourceDate "2015.10.16"]
[SourceVersion "1"]
[SourceVersionDate "2015.10.16"]
[SourceQuality "1"]

1. e4 e5 2. Nf3 d6 3. d4 exd4 4. Nxd4 Nf6 5. Nc3 Be7 6. g3 d5 7. e5 Ng4 8. f4 c5 9. Nb3 d4 10. Ne4 f5 11. exf6 Nxf6 12. Nxf6+ Bxf6 13. Qh5+ g6 14. Qxc5 b6 15. Qb5+ Bd7 16. Qd5 Nc6 17. Bc4 Qe7+ 18. Kf2 O-O-O 19. Re1 Qg7 20. a4 Nb8 21. Bd2 Bf5 22. Qa8 Qb7 23. Qxb7+ Kxb7 24. Bd3 Bh3 25. Be4+ Kc7 26. a5 b5 27. Nc5 Rc8 28. Bd3 a6 29. Bb4 Rce8 30. Ne4 Bd8 31. Bd6+ Kc8 32. Bc5 Be7 33. Bxd4 Rhf8 34. Nf6 Bxf6 35. Rxe8+ Rxe8 36. Bxf6 Nc6 37. Bc3 Kd7 38. Re1 Rxe1 39. Bxe1 Bf5 40. Ke3 Ke6 41. Be4 Kd6 42. b4 Ne7 43. Bb7 Bc8 44. Bf3 Bf5 45. c3 Bc8 46. g4 Nd5+ 47. Kd4 Ne7 48. Bg3 Nc6+ 49. Ke3 Bd7 50. f5+ Ke7 51. fxg6 hxg6 52. h4 Kf6 53. Bf4 Be8 54. h5 gxh5 55. gxh5 Ne7 56. Kd4 Kf5 57. Bd6 Nc6+ 58. Kc5 Nd8 1-0

[Event "Wch-Rapid"]
[Site "Berlin GER"]
[Date "2015.10.11"]
[Round "8"]
[White "Tari, Aryan"]
[Black "Hansen, Eric"]
[Result "0-1"]
[WhiteElo "2521"]
[BlackElo "2573"]
[PlyCount "62"]
[GameId "2130307652460079"]
[EventDate "2015.10.10"]
[EventType "swiss (rapid)"]
[EventRounds "15"]
[EventCountry "GER"]
[SourceTitle "Mega2015 Update 47"]
[Source "Chessbase"]
[SourceDate "2015.10.16"]
[SourceVersion "1"]
[SourceVersionDate "2015.10.16"]
[SourceQuality "1"]

1. e4 c5 2. Nf3 e6 3. d4 cxd4 4. Nxd4 a6 5. c4 Nf6 6. Nc3 Qc7 7. a3 b6 8. Be3 Bb7 9. f3 d6 10. Be2 Be7 11. Qd2 Nbd7 12. O-O O-O 13. b4 Rac8 14. Rac1 Rfe8 15. Rfd1 Qb8 16. Kh1 Ne5 17. Na4 Nfd7 18. Nb3 Bc6 19. Nb2 Nf6 20. a4 Ba8 21. a5 bxa5 22. Nxa5 d5 23. c5 dxe4 24. f4 Neg4 25. Bxa6 Rcd8 26. Bd4 e3 27. Qe1 Qxf4 28. Qg3 Rxd4 29. Qxf4 Rxf4 30. c6 Nf2+ 31. Kg1 Nxd1 0-1

[Event "Wch-Rapid"]
[Site "Berlin GER"]
[Date "2015.10.11"]
[Round "9"]
[White "Hansen, Eric"]
[Black "Bartel, Mateusz"]
[Result "0-1"]
[WhiteElo "2573"]
[BlackElo "2622"]
[PlyCount "68"]
[GameId "2130307652460114"]
[EventDate "2015.10.10"]
[EventType "swiss (rapid)"]
[EventRounds "15"]
[EventCountry "GER"]
[SourceTitle "Mega2015 Update 47"]
[Source "Chessbase"]
[SourceDate "2015.10.16"]
[SourceVersion "1"]
[SourceVersionDate "2015.10.16"]
[SourceQuality "1"]

1. d4 d5 2. c4 c6 3. Nf3 Nf6 4. e3 Bf5 5. Nc3 e6 6. Nh4 Be4 7. f3 Bg6 8. Nxg6 hxg6 9. g3 Bd6 10. Kf2 Nbd7 11. Kg2 Qe7 12. Bd2 O-O 13. cxd5 cxd5 14. Qb3 Nb6 15. Nb5 Rfc8 16. Nxd6 Qxd6 17. Bb4 Qc7 18. Be2 Nc4 19. Rhc1 e5 20. Qc3 e4 21. b3 a5 22. Ba3 b5 23. bxc4 b4 24. Bxb4 axb4 25. Qxb4 Rab8 26. Qd2 dxc4 27. a4 c3 28. Qe1 Rb2 29. Kg1 Nd5 30. fxe4 Nxe3 31. Bd3 Ng4 32. Rc2 Qb6 33. Kh1 Qxd4 34. Rd1 Rxc2 0-1

[Event "Wch-Rapid"]
[Site "Berlin GER"]
[Date "2015.10.12"]
[Round "11"]
[White "Hansen, Eric"]
[Black "Krnan, Tomas"]
[Result "1/2-1/2"]
[WhiteElo "2573"]
[BlackElo "2440"]
[PlyCount "119"]
[GameId "2130307652468445"]
[EventDate "2015.10.10"]
[EventType "swiss (rapid)"]
[EventRounds "15"]
[EventCountry "GER"]
[SourceTitle "Mega2015 Update 47"]
[Source "Chessbase"]
[SourceDate "2015.10.16"]
[SourceVersion "1"]
[SourceVersionDate "2015.10.16"]
[SourceQuality "1"]

1. e4 e5 2. Nf3 Nc6 3. Bb5 a6 4. Ba4 Nf6 5. O-O Be7 6. Re1 b5 7. Bb3 O-O 8. c3 d6 9. h3 Nb8 10. d4 Nbd7 11. c4 Bb7 12. Nc3 c6 13. a3 bxc4 14. Bxc4 d5 15. dxe5 dxc4 16. exf6 Bxf6 17. e5 Be7 18. Qe2 Nc5 19. Qxc4 Qd3 20. Qxd3 Nxd3 21. Rd1 Rfd8 22. Bg5 Bxg5 23. Nxg5 Nxe5 24. Nge4 Nd3 25. Na4 Rab8 26. Rd2 f5 27. Nec3 Nf4 28. Rad1 Rxd2 29. Rxd2 c5 30. f3 c4 31. Rd4 g5 32. Rxc4 Re8 33. Rc7 Bd5 34. Nb6 Re1+ 35. Kh2 Bf7 36. Rd7 Rc1 37. Rd2 Re1 38. Nc8 h5 39. g3 Ng6 40. Re2 Rc1 41. Nd6 f4 42. Nde4 fxg3+ 43. Kxg3 Nf4 44. Rd2 h4+ 45. Kh2 Ne6 46. Nxg5 Nxg5 47. Rg2 Bg6 48. Rxg5 Kf7 49. Re5 Bd3 50. Re3 Rc2+ 51. Kg1 Bf5 52. Ne4 Rxb2 53. Ng5+ Kf6 54. f4 a5 55. Re5 a4 56. Ra5 Rb1+ 57. Kf2 Rb2+ 58. Kg1 Rb1+ 59. Kf2 Rb2+ 60. Kg1 1/2-1/2